‘The’ Movies - Statistics

General Stats
  • This quiz has been taken 22 times
  • The average score is 15 of 44
Answer Stats
Picture Answer % Correct
Croods
85%
Flash
80%
40 Year-Old Virgin
75%
Emoji Movie
75%
Jungle Book
75%
Muppets
65%
Wolverine
60%
Fault In Our Stars
55%
Expendables
50%
Punisher
50%
Revenant
50%
Golden Compass
45%
Hateful Eight
45%
Hurt Locker
45%
Transporter
40%
Angry Birds Movie
35%
Kissing Booth
35%
NeverEnding Story
35%
Nice Guys
35%
Other Woman
35%
Sorcerer’s Apprentice
35%
Dukes Of Hazzard
30%
League Of Extraordinary Gentlemen
30%
World Is Not Enough
30%
A-Team
25%
Mask Of Zorro
25%
Unbearable Weight Of Massive Talent
25%
Game Plan
20%
Internship
20%
Spy Who Dumped Me
20%
Ugly Truth
20%
Boat That Rocked
15%
Brothers Grimm
15%
Indian In The Cupboard
15%
Lost City
15%
Pagemaster
15%
Time Machine
15%
Cold Light Of Day
10%
Voices
10%
355
5%
Drop
5%
King’s Daughter
5%
Outpost
5%
Ridiculous 6
5%
No matching quizzes found
Score Distribution
Percent of People with Each Score
Percentile by Number Answered
Your Score History
You have not taken this quiz